000 00708cab a2200217 4500
001 ABS49181
008 090401t1993 xxu||||| |||| 00| 0 eng d
035 _a(Sirsi) u70273
041 _aeng
100 _aSpencer-Silver, J.
245 _aLandlords` continuing liability
260 _c1993
350 _a0
490 _aEstates Gazette
_v(9332) 14 August 1993, 69(1)
520 _aDiscusses some of the implications of the Government decision to reform the privity rule of continuing laibility under a lease.
650 _aCELSTEEL LTD V ALTON HOUSE HOLDINGS LTD (NO 2)
650 _aPRIVIITY OF CONTRACT
690 _aLANDLORD AND TENANT-BUSINESS TENANCIES
942 _n0
948 _c04/03/1997
999 _c44193
_d44193